000 00681nam a2200217 i 4500
001 89380
003 ES-MaACL
005 20230906180147.0
007 t|
008 050110s1954 sp ||||1| spa d
100 1 _aLarsson, Marten J.
_970379
245 1 0 _aIsrael
_b: una nación en marcha /
_cMarten J. Larsson ; [versión española de Jan Gehlin].
250 _a[1ª ed.].
260 _aBarcelona :
_bEdiciones y Publicaciones,
_c1954 (
_fFomento)
300 _a141 p., 30 lám. :
_bil. ;
_c22 cm.
490 1 _aEl mundo es así
700 1 _aGehlin, Jan.
_956209
830 0 _aEl mundo es así
_9184035
852 _aES-MaACL
_jC-6768
_bR.35945
999 _c89380
_d89380